LEADER 01099nam a2200265 a 4500 001 000000126942 003 CaOOAMICUS 005 20111111105022.0 008 111111s1963 gw u000 u ger r 040 $aPUL$bita 041 1 $ager$hlat$alat 245 04$aDie Bekenntnisschriften der evangelisch-lutherischen Kirche :$bhrsg. im Gedenkjahr der Augsburgischen Konfession 1930. 250 $a5. durchgesehene Aufl. 260 $aGöttingen :$bDandenhoed & Ruprecht,$c1963. 300 $aXLVI, 1228 p. ;$c26 cm 500 $aTesto su due colonne. 504 $aBibliografia in nota. 546 $aTesto tedesco e latino a fronte. 650 4$aLuteranesimo.$0(OLS)http://pul/subject/9450 850 $aPUL 852 $aPUL$W1$xDP1 Fondo Maccarrone$y58$m1511 G 23$j146779$qFondi$B145474$CPULBib$Z2$F145474 $82 941 1 $a1 996 $6245$aDie Bekenntnisschriften der evangelisch-lutherischen Kirche :$bhrsg. im Gedenkjahr der Augsburgischen Konfession 1930$9(OLS)http://pul/title/160358 996 $6260$aGöttingen :$bDandenhoed & Ruprecht$9(OLS)http://pul/publisher/64383 LEADER 01210nam a2200301 a 4500 001 000000127405 003 CaOOAMICUS 005 20120130135452.0 008 120130s2011 enkd u000 u eng r 020 $a978-0-415-42414-1 040 $aPUL$bita 082 04$a327.1 100 1 $aVasquez, John A.$0(OLS)http://pul/name/81266 245 10$aTerritory, war, and peace /$cJohn A. Vasquez and Marie T. Henehan. 260 $aAbingdon ;$aNew York :$bRoutledge,$c©2011. 300 $axxii, 250 p. :$bgrafici ;$c24 cm 500 $aInclude indice. 504 $aBibliografia p. [227]-239. 650 4$aPace$ySec. XIX-XX.$0(OLS)http://pul/subject/28102 700 1 $aHenehan, Marie T.$0(OLS)http://pul/name/81267 850 $aPUL 852 $aPUL$W1$xSL Diritto e Scienze Sociali 3$y79$m327. 1 VASJO 1$j147393$qDDC 21$B146027$CPULBib$Z2$F146027 $H117831 $82 941 1 $a9 996 $6020$a978-0-415-42414-1$9(OLS)http://pul/number/148740 996 $6082$a327.1$9(OLS)http://pul/classification/598 996 $6245$aTerritory, war, and peace$9(OLS)http://pul/title/160990 996 $6260$aAbingdon ;$aNew York :$bRoutledge$9(OLS)http://pul/publisher/80298